Teen Anki Gurukul तीन आंकी गुरुकुल (Record no. 225285)
[ view plain ]
| 000 -LEADER | |
|---|---|
| fixed length control field | 00516nam a22001697a 4500 |
| 005 - DATE AND TIME OF LATEST TRANSACTION | |
| control field | 20221123115731.0 |
| 008 - FIXED-LENGTH DATA ELEMENTS--GENERAL INFORMATION | |
| fixed length control field | 221123b ||||| |||| 00| 0 eng d |
| 040 ## - CATALOGING SOURCE | |
| Transcribing agency | AL |
| 041 ## - LANGUAGE CODE | |
| Language code of text/sound track or separate title | Hindi |
| 082 ## - DEWEY DECIMAL CLASSIFICATION NUMBER | |
| Edition number | 23 |
| Classification number | H891.4 |
| Item number | KENT |
| 100 ## - MAIN ENTRY--PERSONAL NAME | |
| Personal name | Damu Kenkre दामू केंकरे |
| 100 ## - MAIN ENTRY--PERSONAL NAME | |
| 9 (RLIN) | 63389 |
| 245 ## - TITLE STATEMENT | |
| Title | Teen Anki Gurukul तीन आंकी गुरुकुल |
| 260 ## - PUBLICATION, DISTRIBUTION, ETC. | |
| Place of publication, distribution, etc. | Mumbai |
| Name of publisher, distributor, etc. | The Goa Hindu Association |
| Date of publication, distribution, etc. | 2003 |
| 300 ## - PHYSICAL DESCRIPTION | |
| Extent | 316 p. |
| Other physical details | PB |
| Dimensions | 23x16 cm. |
| 700 ## - ADDED ENTRY--PERSONAL NAME | |
| Personal name | KENKRE (Damu) |
| 9 (RLIN) | 63390 |
| 942 ## - ADDED ENTRY ELEMENTS (KOHA) | |
| Source of classification or shelving scheme | Dewey Decimal Classification |
| Koha item type | George Fernandes Collections |
| Withdrawn status | Lost status | Source of classification or shelving scheme | Damaged status | Not for loan | Collection code | Home library | Current library | Date acquired | Total Checkouts | Full call number | Barcode | Date last seen | Price effective from | Koha item type |
|---|---|---|---|---|---|---|---|---|---|---|---|---|---|---|
| Dewey Decimal Classification | Hindi | St Aloysius Library | St Aloysius Library | 03/23/2013 | H891.4 KENT | GF02649 | 11/23/2022 | 11/23/2022 | George Fernandes Collections |